00682nam a2200241 a 4500001001300000003000900013005001700022008004100039020001000080082001500090100002200105245002600127260003800153300000900191500003500200505002100235650001700256700002200273902000800295942000700303952011500310999001500425nice12345678IN_TiNIC20260116011526.0050524s0000 lona grp 000 0 eng  ac10000a220.1bSMY aSmyth, Paterson J aHow We Got Our Bible. aLondonbSamson Low, Marstonc0000 a153p aincludes index and biblioraphy2 aBiblio..., Index aBible-Origin1 aSmyth, Paterson J bSRS cBK 001040708StackRoom-aHMIbHMId2007-06-15g100.00l0o220.1 SMYp01667r2007-06-15v100.00w2005-05-24yBK c2306d2306